| 000 | 00963nam a2200193 a 4500 | ||
|---|---|---|---|
| 008 | 120416s1979 ||||||||||||||||| || u | ||
| 050 | _aHF 5686.N56 Gro | ||
| 100 | _aGross, Malvern J | ||
| 245 | 1 | 0 | _aFinancial and accounting guide for nonprofit organizations |
| 250 | _a3rd ed. | ||
| 260 |
_aNew York _bJohn Wiley and Sons _c1979 |
||
| 300 | _axi, 568p. : ill. | ||
| 350 | _a0.00 | ||
| 650 | 0 | _aACCOUNTING--HANDBOOKS, MANUALS, ETC | |
| 650 | _aFINANCIAL ACCOUNTING | ||
| 995 |
_aMAIN LIBRARY OPEN ACCESS _D0.00 _e706939 _FCBU-MAIN LIBRARY (Kitwe) _H1 _I0.00 _jHF 5686.N56 Gro _M3 _UAVAILABLE _y006932 _ZMain Library Open Access Collection |
||
| 995 |
_aANNEX COLLECTION (Main Library) _D0.00 _e704444 _FCBU-MAIN LIBRARY (Kitwe) _H3 _I0.00 _jHF 5686.N56 Gro _M2 _UAVAILABLE _y006931 _ZAnnex Low-Usage Collection |
||
| 995 |
_aANNEX COLLECTION (Main Library) _D0.00 _e705485 _FCBU-MAIN LIBRARY (Kitwe) _H2 _I0.00 _jHF 5686.N56 Gro _M1 _UAVAILABLE _y006930 _ZAnnex Low-Usage Collection |
||
| 999 |
_c63074 _d63074 |
||